Central Library OPAC University of Rajshahi

The teaching of chemistry / (Record no. 50305)

MARC details
000 -LEADER
fixed length control field 00602nam a2200205 a 4500
001 - CONTROL NUMBER
control field 50305
003 - CONTROL NUMBER IDENTIFIER
rucl marc code BD-RjUL
005 - DATE AND TIME OF LATEST TRANSACTION
control field 20211209075505.0
008 - FIXED-LENGTH DATA ELEMENTS--GENERAL INFORMATION
fixed length control field 160824r19951993ii a 000 0 eng
035 ## - SYSTEM CONTROL NUMBER
System control number (BD-RjUL)50425
040 ## - CATALOGING SOURCE
Original cataloging agency DLC
Transcribing agency OOxM
Modifying agency BD-RjUL
Language of cataloging eng
041 ## - LANGUAGE CODE
Language code of text/sound track or separate title eng
082 ## - DEWEY DECIMAL CLASSIFICATION NUMBER
Classification number 540.7
Edition number 23
Author mark and year YAT 1995
100 1# - MAIN ENTRY--PERSONAL NAME
Personal name Yadav, M. S.
9 (RLIN) 150736
245 14 - TITLE STATEMENT
Title The teaching of chemistry /
Statement of responsibility, etc. M.S. Yadav
260 ## - PUBLICATION, DISTRIBUTION, ETC. (IMPRINT)
Place of publication, distribution, etc. New Delhi :
Name of publisher, distributor, etc. Anmol Publications pvt. LTI,
Date of publication, distribution, etc. 1993 [ Reprinted 1995 ]
300 ## - PHYSICAL DESCRIPTION
Pagination xv, 249 p. :
Illustrations ill. ;
Size 23 cm.
650 #0 - SUBJECT ADDED ENTRY--TOPICAL TERM
Topical term or geographic name as entry element Chemistry
General subdivision Study and teaching.
9 (RLIN) 150737
942 ## - ADDED ENTRY ELEMENTS (KOHA)
Source of classification or shelving scheme Dewey Decimal Classification
Koha item type Books
Holdings
Lost status Source of classification or shelving scheme Damaged status Not for loan Collection code Permanent Location Current Location Shelving location Date acquired Source of acquisition Cost, normal purchase price Total Checkouts Full call number Date last seen Copy number Koha item type
  Dewey Decimal Classification     Non-fiction Central Library, University of Rajshahi Central Library, University of Rajshahi   07/08/2002 Paragon,Dhaka 60.00   540.7 YAT 1995 24/08/2016 C-2 Books
  Dewey Decimal Classification   Not For Loan Non-fiction Central Library, University of Rajshahi Central Library, University of Rajshahi Reading Room 07/08/2002 Paragon, Dhaka, 0.00   540.7 YAT 1995 15/01/2017 C-1 Books